Представление документа в формате MARC21

Поле Инд. ПП Название Значение
Тип записи a
Библиографический уровень m
001 Контрольный номер RU/LIBMSTU/310747059
005 Дата корректировки 20160127104204.7
008 Кодируемые данные 091110|||||||||ru |||||||||||000|||rus||
020 a ISBN 978-5-406-00181-3
c Цена, тираж 300-00
040 b Код языка каталог. rus
041 a Код языка текста rus
084 a Индекс другой классификации/Индекс ББК 66.03+60.82+67.401.0я7
090 a Полочн. индекс 66
x Авторский знак Г 72
245 10 a Заглавие Государственная служба: организация управленческой деятельности
b Продолж. заглавия учеб. пособие для вузов
260 a Место издания Москва
b Издательство КноРус
c Дата издания 2010
300 a Объем 253 с.
504 a Библиография Библиогр.: с. 225-226
650 a Основная рубрика Государственная служба-Учебные издания для высших учебных заведений
650 14 a Основная рубрика Управленческая деятельность-Учебные издания для высших учебных заведений
653 a Ключевые слова Государственная служба
a Ключевые слова Лидерство
a Ключевые слова Руководители
a Ключевые слова Служащие
a Ключевые слова Технологизация управленческой деятельностью
a Ключевые слова Управленческая деятельность
700 a Другие авторы Анненков В. И.
700 1_ a Другие авторы Барчан Н. Н.
700 1_ a Другие авторы Моисеев А. В.
700 1_ a Другие авторы Киселев Б. И.
901 t Тип документа m
952 c Вид литературы учебное пособие